banner koha

An approach on phytoalexins: function, characterization and biosynthesis in plants of the family Poaceae (Registro n. 301150)

MARC details
000 -LÍDER
fixed length control field 03191nab a2200313 i 4500
003 - CÓDIGO MARC DA AGÊNCIA CATALOGADORA
Campo de controle BR-BrBNA
005 - DATA E HORA DA ÚLTIMA ATUALIZAÇÃO
Campo de controle 20240909212109.0
008 - CAMPO DE TAMANHO FIXO
fixed length control field 240906b2016 bl.mr|pooa||| 00| 0 eng |
040 ## - FONTE DA CATALOGAÇÃO
Agência catalogadora BR-BrBNA
Idioma da catalogação eng
072 ## - CATEGORIA AGRIS
Código AGRIS F60
Código do objeto 0150
100 ## - ENTRADA PRINCIPAL - NOME PESSOAL
Nome pessoal Arruda, Rejanne Lima
100 ## - ENTRADA PRINCIPAL - NOME PESSOAL
Nome pessoal Paz, Andressa Tuane Santana
100 ## - ENTRADA PRINCIPAL - NOME PESSOAL
Nome pessoal Bara, Maria Teresa Freitas
100 ## - ENTRADA PRINCIPAL - NOME PESSOAL
Nome pessoal Côrtes, Márcio Vinicius de Carvalho Barros
100 ## - ENTRADA PRINCIPAL - NOME PESSOAL
Nome pessoal Filippi, Marta Cristina Corsi de
100 ## - ENTRADA PRINCIPAL - NOME PESSOAL
Nome pessoal Conceição, Edemilson Cardoso da
245 ## - TÍTULO PRINCIPAL
Título principal An approach on phytoalexins: function, characterization and biosynthesis in plants of the family Poaceae
500 ## - NOTA GERAL
Nota geral Publicação on-line; 4 illus; Sumaries (En, Pt); Bibliography p. 1213 a 1216
942 ## - ADDED ENTRY ELEMENTS (KOHA)
Koha item type
520 ## - NOTA DE RESUMO
Nota de conteúdo <br/><br/>ABSTRACT - Phytoalexins are compounds that have been studied a few years ago, which present mainly antimicrobial activity. The plants of the family Poaceae are the most geographically widespread and stand out for their economic importance, once they are cereals used as staple food. This family stands out for having a variety of phytoalexins, which can be synthesized via the shikimic acid (the phenylpropanoids), or mevalonic acid, being considered terpenoid phytoalexins. The characterization of these compounds with antimicrobial activity is carried out using chromatographic techniques, and the high-performance liquid chromatography (HPLC) coupled with mass spectrometry are the most efficient methods in this process. This research aimed to present an approach of the function, characterization and biosynthesis of phytoalexins in plants of the family Poaceae.<br/><br/>Key words: metabolites, protection of plants, signaling, Oryza sativa.
520 ## - NOTA DE RESUMO
Nota de conteúdo <br/><br/>RESUMO - As fitoalexinas são compostos que vêm sendo estudados há alguns anos, apresentando principalmente atividade antimicrobiana. As plantas da família Poaceae são as geograficamente mais difundidas e se destacam por sua importância econômica, uma vez que são os cereais que compõe a base da alimentação, em todos os continentes. Essa família se destaca por apresentar uma variedade de fitoalexinas, sendo que as mais importantes são sintetizadas a partir da via do ácido chiquímico. A caracterização desses compostos com atividade antimicrobiana é realizada por meio de técnicas cromatográficas, sendo que a cromatografia líquida de alta eficiência (HPLC) acoplada com espectrometria de massas é a técnica mais eficiente nesse processo. O trabalho apresenta como objetivo uma abordagem da função, caracterização, biossíntese e aplicações das fitoalexinas em plantas da família Poaceae.<br/><br/>Palavras-chave: metabólitos, proteção de plantas, sinalização, Oryza sativa.
650 ## - ASSUNTO - THESAGRO
Cabeçalho tópico ou nome geográfico ORYZA SATIVA
650 ## - ASSUNTO - THESAGRO
Cabeçalho tópico ou nome geográfico ARROZ
650 ## - ASSUNTO - THESAGRO
Cabeçalho tópico ou nome geográfico FITOALEXINA
650 ## - ASSUNTO - THESAGRO
Cabeçalho tópico ou nome geográfico BIOSSÍNTESE
773 0# - ENTRADA ANALÍTICA
Host Biblionumber 2408
Registro do item 314929
Imprenta Santa Maria-RS Universidade Federal de Santa Maria - Centro de Ciências Rurais 1991
Outro identificador 2024-1180
Título Ciência Rural (Brazil)
ISSN 0103-8478
Colação v. 46(7) p. 1206-1216; (2016)
Número de controle de registro BR2024001703
856 ## - ACESSO E ENDEREÇO ELETRÔNICO
Identificador uniforme de recurso - URI https://www.scielo.br/j/cr/a/gWHkWTRVB33VsHBWK6Cqg8j/?format=pdf&lang=en

Nenhum exemplar disponível.

BINAGRI

Telefone: (61)3218-2567/2388/3357/2097 - binagri@agro.gov.br

Ministério da Agricultura e Pecuária , Esplanada dos Ministérios, Bloco D, Anexo B, Brasília/DF, CEP: 70.043-900